Mario Kart Tracks Yet to be Remade - Statistics

General Stats
  • This quiz has been taken 95 times
    37 since last reset
  • The average score is 11 of 15
Answer Stats
Game Track % Correct
Wii Luigi Circuit
89%
Rainbow Road
85%
Rainbow Road
85%
Rainbow Road
85%
Mario Circuit
81%
Maka Wuhu
74%
GCN Mushroom City
74%
Bowser Castle
70%
Bowser's Castle
70%
Bowser's Castle
70%
3DS Wuhu Loop
70%
GBA Broken Pier
67%
DS Figure-8 Circuit
67%
TOUR Piranha Plant Pipeline
67%
Wario Colosseum
67%
No matching quizzes found
Score Distribution
Percent of People with Each Score
Percentile by Number Answered
Your Score History
You have not taken this quiz since the last reset